00504nam a2200133 a 450000100100000000500170001000800410002704000250006808200080009311001000010124500380020126001040023930000270034300002897020200930055241.0110412s1989 dr a 000 0 spa d aDO-SdBNPbspacBNPHU axxx1 aRepública DominicanabSecretaría de Estado de Deportes, Educación Física y Recreación10aSeminario internacional de boxeo. aSanto Domingo :bSecretaría de Estado de Deportes, Educación Física y Recreación,c[19--?]. a32 p. :bil. ;c19 cm.